State Quiz - Ceará - Statistics

General Stats
  • This quiz has been taken 36 times
    35 since last reset
  • The average score is 8 of 15
Answer Stats
Hint Answer % Correct
State capital Fortaleza
100%
Brazilian states that border Ceará Rio Grandedo Norte
85%
Brazilian states that border Ceará Pernambuco
79%
Largest water park in Brazil {Beach} Park
76%
Brazilian states thatborder Ceará Paraíba
76%
Brazilian states that border Ceará Piauí
76%
Largest suburbs Maracanaú
55%
Largest suburbs Caucaia
52%
Largest city in southern Ceará—starts with "J" Juazeiro do Norte
52%
Ecoregion of semi-aridshrubland Ceará is part of The {Caatinga}
45%
National park and beach knownfor rocks and sand dunes Jericoacoara
42%
Most prominent racial group,accounting for 65% of Cearenses Pardo
42%
In 1884, Ceará was the firstprovince of Brazil to abolish this Slavery
24%
Meaning of "Canoa Quebrada" Broken {Canoe}
18%
Smallest national park in Brazil Ubajara
15%
No matching quizzes found
Score Distribution
Percent of People with Each Score
Percentile by Number Answered
Your Score History
You have not taken this quiz since the last reset